000 00666nam a2200241Ia 4500
003 OSt
005 20220923225514.0
006 a|||||r|||| 00| 0
007 ta
008 220922b |||||||| |||| 00| 0 hin d
024 _a269,600
037 _cTextual
040 _aARTS
_cARTS
_bhin
041 _2hin
_ahin
082 _aQ2215, K7
100 _aहरिवंश
245 0 _aश्रीराधा रस सुधा निधिस्तवस्य
246 _aShrīrādhā ras sudhā nidhistavasya
260 _c1967
650 _aधर्म
942 _hQ2215, K7
_cTEXL
_2CC
999 _c378677
_d378677